00484nam a2200157Ia 4500003000900000008004100009020001800050040001600068080001200084110005300096245008500149260005800234300001000292650001000302650001400312IN-BaIIA211028s9999 xx 000 0 eng d a81-230-1005-2 cIIA Library a58bMIB aIndia. Research, Reference and Training Division 0aIndia 2002ba reference annualcIndia. Research, Reference and Training Division aIndiabMinistry of Information and Broadcastingc2002 a870p. aIndia aYear book